|
|
|
|
| LEADER |
00000nam a22000007a 4500 |
| 005 |
20110727143351.0 |
| 008 |
080805s2008 sp f 001 0 spa c |
| 020 |
|
|
|a 978-84-9849-268-2
|
| 035 |
|
|
|a 2751
|
| 040 |
|
|
|d vLex
|
| 041 |
0 |
|
|a spa
|
| 090 |
|
|
|c 2235
|d 2235
|
| 245 |
0 |
0 |
|a Modalidades de responsabilidad jurd̕ica :
|b deber y obligacin̤ /
|c eds.: ℓngel Sǹchez de la Torre, Isabel Araceli Hoyo Sierra ; [auts.: Juan Antonio Martn̕ez Muǫz...[et al.]]
|h [Recurso electrn̤ico]
|
| 256 |
|
|
|a Servicio en ln̕ea
|
| 260 |
|
|
|a Madrid :
|b Dykinson,
|c 2008
|
| 300 |
|
|
|a 317 p. ;
|c 21 cm
|
| 504 |
|
|
|a Índice. Referencias bibliogrf̀icas
|
| 506 |
1 |
|
|a Contenido solo disponible en los productos indicados
|d vLex Global
|d vLex Global (Academic Edition, excluding Law Schools)
|d vLex Global (U.S. Academic Edition, Law Schools)
|d vLex Global (U.S. Academic Edition, excluding Law Schools)
|d vLex Global (Academic Edition, Law Schools)
|
| 650 |
0 |
7 |
|a Responsabilidad civil
|2 Tesauro vLex
|
| 650 |
0 |
7 |
|2 Tesauro vLex
|a Responsabilidad extracontractual
|
| 650 |
0 |
7 |
|2 Tesauro vLex
|a Responsabilidad patrimonial
|
| 650 |
0 |
7 |
|2 Tesauro vLex
|a Deberes jurd̕icos
|
| 650 |
0 |
7 |
|2 Tesauro vLex
|a Capacidad jurd̕ica
|
| 650 |
0 |
7 |
|2 Tesauro vLex
|a Responsabilidad civil
|
| 700 |
1 |
|
|a Sǹchez de la Torre, ℓngel
|
| 700 |
1 |
|
|a Hoyo Sierra, Isabel
|
| 700 |
1 |
|
|a Martinez Muǫz, Juan Antonio
|
| 740 |
0 |
|
|a vLex Libros (Servicio en ln̕ea)
|
| 830 |
|
0 |
|a Fundamentos de conocimiento jurd̕ico
|
| 856 |
4 |
0 |
|u http://vlex.com/source/modalidades-responsabilidad-juridica-deber-obligacion--2751
|z Acceso restringido
|
| 942 |
|
|
|c BOOK
|